| 000 | 00995nam2a22002171 4500 | ||
|---|---|---|---|
| 001 | v19\rc\1991060 | ||
| 005 | 20250619235820.0 | ||
| 035 | _a(NLR Aleph) 005086863 | ||
| 090 |
_a7255310 _c7255310 |
||
| 100 | _a20080811f18981915|||y0rusy50 ca | ||
| 101 | 0 | _arus | |
| 102 | _aRU | ||
| 105 | _ay z ||||| | ||
| 200 | 0 | _a... в 1898-1899 г. | |
| 461 | 0 |
_1001v19\rc\1991058 _12001#$aОтчет о противораскольнической деятельности Братства св. Димитрия Ростовского...$v... в 1898-1899 г. _97255294 _aТомское братство св. Димитрия Ростовского _cТомск _d1898-1915 _p6 т. _tОтчет о противораскольнической деятельности Братства св. Димитрия Ростовского... _v... в 1898-1899 г. |
|
| 801 | 0 |
_aRU _bNLR _gpsbo |
|
| 801 | 0 |
_aRU _bRuMoRGB _2psbo |
|
| 801 | 1 |
_aRU _bProSoft-M _2rusmarc |
|
| 852 |
_aNLR _j20.61.6.73 |
||
| 942 | _cBOOK | ||
| 980 | _aNB | ||